LEADER 01228nam a2200289 a 4500 001 000000145568 003 CaOOAMICUS 005 20150909111321.0 008 150909s2005 it u000 u ita r 020 $a88-01-02972-1 040 $aPUL$bita 041 1 $aita$hfre 100 1 $aLagarde, Claude.$0(OLS)http://pul/name/92787 240 10$aAnimer une équipe en catéchese.$lItaliano.$0(OLS)http://pul/title/184088 245 10$aAnimare un gruppo in catechesi :$binfanzia e fanciullezza (4-12 anni) /$cClaude e Jacqueline Lagarde. 260 $aLeumann (TO) :$bElledici,$c©2005. 300 $a151 p. ;$c21 cm. 650 4$aCatechesi.$0(OLS)http://pul/subject/4492 700 1 $aLagarde, Jacqueline.$0(OLS)http://pul/name/92788 850 $aPUL 852 $aPUL$W1$xDP1 Fondo S. Lanza$y121$m3 P 61$j168301$qFondi$B168902$CPULBib$Z2$F168902 $HLan800 $82 941 1 $a1 961 $aNota ms. di possesso: Sergio Lanza 996 $6020$a88-01-02972-1$9(OLS)http://pul/number/158549 996 $6245$aAnimare un gruppo in catechesi :$binfanzia e fanciullezza (4-12 anni)$9(OLS)http://pul/title/184089 996 $6260$aLeumann (TO) :$bElledici$9(OLS)http://pul/publisher/79122 LEADER 01696namaa2200385 i 4500 001 000000177787 003 CaOOAMICUS 005 20250526141802.0 007 tu 008 250526s2024 it 000 u ita r 020 $a978-88-08-99958-0* 040 $aPUL$bita$erda 082 0 $a346.016 245 10$aMatrimonio e famiglia :$btra diritti religiosi e diritti secolari /$ca cura di Geraldina Boni, Andrea Zanotti ; con i contributi di Geraldina Boni ... [et al.]. 250 $a1.ed. gennaio 2024 264 4$c©2024. 264 1$aBologna :$bZanichelli,$c[2024] 300 $a XIV, 334 pagine ;$c24 cm 336 $atesto$btxt$2rdacontent 337 $asenza mediazione$bn$2rdamedia 338 $avolume$bnc$2rdacarrier 504 $aBibliografia in nota a piè pagina. 650 4$aMatrimonio (diritto)$zItalia.$0(OLS)http://pul/subject/5893 650 4$aMatrimonio concordatario.$0(OLS)http://pul/subject/45561 700 1 $aBoni, Geraldina,$d1965-,$ecuratore.$0(OLS)http://pul/name/31447 700 1 $aZanotti, Andrea,$d1957-,$ecuratore.$0(OLS)http://pul/name/1126 850 $aPUL 852 $aPUL$W1$xSL Diritto e Scienze Sociali 3$y79$m346. 016 BONGE 1$j201708$qDDC 21$B206759$CPULBib$Z2$F206759 $H137883 $82 941 1 $a9 996 $6020$a978-88-08-99958-0*$9(OLS)http://pul/number/170378 996 $6082$a346.016$9(OLS)http://pul/classification/2160 996 $6245$aMatrimonio e famiglia :$btra diritti religiosi e diritti secolari$9(OLS)http://pul/title/219330 996 $6264$aBologna :$bZanichelli$9(OLS)http://pul/publisher/48255 996 $6264$a[S.l.] :$b[s.n.]$9(OLS)http://pul/publisher/0